000 00514nam a2200193Ia 4500
005 20250508152518.0
008 008 250505s9999 xx 000 0 hin d
037 _aTextual
040 _aFEDL
_beng
_cFEDL
041 _ahin
_2eng
084 _a612, SAX
_qFEDL
100 _aSaxena Munish
_9413585
245 0 _aShareer ka yantra
260 _aDelhi, India
_bRajkamal Prakashan
_c1959
300 _a112p
490 _aLokodya vigyan mala
942 _cTEXL
_h612, SAX
999 _c1336907
_d1336907